| Tag |
First Indicator |
Second Indicator |
Subfields |
| LEADER |
00000cam a22000001i 4500 |
| 001 |
in00004371913 |
| 006 |
m |o d | |
| 007 |
cr |n||||||||| |
| 008 |
210929s2021 nbu ob 001 0 eng d |
| 005 |
20250816205734.7 |
| 020 |
|
|
|a 9781496229151 (electronic bk.)
|
| 020 |
|
|
|a 1496229150 (electronic bk.)
|
| 020 |
|
|
|z 9781496223722
|
| 020 |
|
|
|z 1496223721
|
| 024 |
8 |
|
|a 40030757311
|
| 035 |
|
|
|a (NhCcYBP)ebc6733592
|
| 040 |
|
|
|a NhCcYBP
|c NhCcYBP
|d UtOrBLW
|
| 043 |
|
|
|a e-fr---
|
| 050 |
|
4 |
|a JN2738.I58
|b B384 2021
|
| 082 |
0 |
4 |
|a 327.1244009/034
|2 23
|
| 100 |
1 |
|
|a Bauer, Deborah,
|e author.
|0 http://id.loc.gov/authorities/names/n2021016604
|
| 245 |
1 |
0 |
|a Marianne is watching :
|b intelligence, counterintelligence, and the origins of the French surveillance state /
|c Deborah Bauer.
|
| 264 |
|
1 |
|a Lincoln :
|b University of Nebraska Press,
|c [2021]
|
| 300 |
|
|
|a 1 online resource.
|
| 336 |
|
|
|a text
|b txt
|2 rdacontent
|
| 337 |
|
|
|a computer
|b c
|2 rdamedia
|
| 338 |
|
|
|a online resource
|b cr
|2 rdacarrier
|
| 490 |
1 |
|
|a Studies in war, society, and the military
|
| 504 |
|
|
|a Includes bibliographical references and index.
|
| 505 |
0 |
|
|a Introduction -- Part 1 : the creation of permanent intelligence organizations -- Intelligence in history : the beginnings of modern espionage -- A place of its own : professionalizing intelligence in the French army -- Intelligence communities : police, diplomats, and the militarization of intelligence -- Part 2 : the practice of intelligence -- Enemies, allies, empire : the stories intelligence tells -- Defining espionage and prosecuting spies : national defense and the April 1886 espionage law -- Countering espionage : the expansion of domestic surveillance, national defense, and the foreigner -- Part 3 : intelligence in the public sphere -- Identifying spies and protecting the nation : constructing insiders and outsiders through public participation -- Raison d'état : espionage, surveillance, and limitations for the nation -- Epilogue -- Appendix : April 18, 1886, law regulating espionage (French and English).
|
| 588 |
|
|
|a Description based on print version record.
|
| 500 |
|
|
|a Electronic resource.
|
| 650 |
|
0 |
|a Intelligence service
|z France
|x History
|y 19th century.
|
| 650 |
|
0 |
|a Espionage
|z France
|x History
|y 19th century.
|
| 655 |
|
7 |
|a Electronic books.
|2 local
|
| 710 |
2 |
|
|a ProQuest (Firm)
|0 http://id.loc.gov/authorities/names/n2007068018
|
| 776 |
1 |
8 |
|i Online version:
|a Bauer, Deborah,
|t Marianne is watching
|d Lincoln : University of Nebraska Press, 2021.
|z 9781496223722
|w (DLC) 2021010740
|
| 776 |
1 |
8 |
|c Original
|z 9781496223722
|z 1496223721
|w (DLC) 2021010739
|
| 830 |
|
0 |
|a Studies in war, society, and the military.
|0 http://id.loc.gov/authorities/names/n97013902
|
| 856 |
4 |
0 |
|u https://ebookcentral.proquest.com/lib/tamucs/detail.action?docID=6733592
|z Connect to the full text of this electronic book
|t 0
|
| 945 |
|
|
|b 52478
|
| 955 |
|
|
|a YBP purchased approval e-records
|
| 980 |
|
|
|b ebook
|c 40030757311
|f NONFIC/B
|g 565751
|k USD
|m 97.50
|q 1
|s AcqMono Conventional
|t Approval plan
|u Vendor order reference number
|v ZYBP
|y E-approvals
|z Electronic resource
|
| 987 |
|
|
|a ybp17644010
|
| 999 |
f |
f |
|s bcc2d239-b94d-365c-946f-5ee2c1e3629e
|i c0c846eb-5050-3ee6-b471-7dda3976514b
|t 0
|
| 952 |
f |
f |
|a Texas A&M University
|b College Station
|c Electronic Resources
|d Available Online
|t 0
|e JN2738.I58 B384 2021
|h Library of Congress classification
|
| 998 |
f |
f |
|a JN2738.I58 B384 2021
|t 0
|l Available Online
|